| 000 | 01065nam a22002657a 4500 | ||
|---|---|---|---|
| 005 | 20240530110908.0 | ||
| 008 | 220303s2007 ua g 000 0 ara d | ||
| 017 |
_a2007/17634 _bمصر. دار الكتب |
||
| 020 | _a9774374487 | ||
| 040 |
_aEG-CaGPL _cEG-CaGPL |
||
| 082 | 0 | 4 |
_221 _a320.01/ _bب م |
| 100 | 1 | _aبيرنز، دليل | |
| 245 | 1 | 2 |
_aالمثل السياسية / _cتاليف دليل بيرنز ؛ ترجمة لويس اسكندر ؛ مراجعة محمد انيس |
| 260 |
_aالقاهرة : _bالمركز القومى للترجمة ، _c2007. |
||
| 300 |
_a395 ص. ؛ _c24 سم. |
||
| 490 | 0 |
_aالمشروع القومى للترجمة : سلسلة ميراث الترجمة ؛ _v1134. |
|
| 650 | 0 | 7 |
_2qrmak _aالاحوال السياسية |
| 650 | 0 | 7 |
_2qrmak _aالسياسة _xنظريات |
| 650 | 0 | 7 |
_2qrmak _aالممارسة السياسية |
| 651 | _2qrmak | ||
| 700 | 0 |
_aلويس اسكندر _eمترجم |
|
| 700 | 0 |
_aمحمد انيس _eمراجع |
|
| 942 |
_2ddc _cBK |
||
| 999 |
_c66250 _d66250 |
||